Afrika Geographie Quiz #1 - Statistiken

Allgemein
  • Dieses Quiz wurde 4.551 mal gespielt
  • Das Durchschnittsergebnis liegt bei 12 aus 20
Antwortstatistiken
Frage Antwort % Korrekt
Welches Land ist komplett von Südafrika umgeben? Lesotho
93%
Welche Insel ist ein Zuhause für Lemuren? Madagaskar
93%
Was ist das einzige Land Afrikas, das mit R startet? Ruanda
92%
Welche afrikanische Hauptstadt ist die südlichste? Kapstadt
89%
Welche afrikanische Hauptstadt ist die nördlichste? Tunis
88%
Was ist das einzige Land Afrikas, das mit Z startet? Zentralafrikanische Republik
81%
Welches asiatische Land ist weniger als 20 km von Dschibuti entfernt? Jemen
80%
Wie heißen die zwei höchsten Berge Afrikas? Kilimandscharo
72%
Welche spanischen Inseln liegen direkt vor der Küste Marokkos? Kanarische Inseln
67%
Welches umstrittene Gebiet ist zwischen Marokko und der Saharauischen Republik geteilt? Westsahara
67%
Welche Sprache Südafrikas hat sich aus dem Niederländischen entwickelt? Afrikaans
65%
Wie heißt die zweitbevölkerungsreichste Stadt in Ägypten? Alexandria
64%
Welche Sprache startet mit S und ist Amtssprache von Tansania, Kenia, Uganda, D.R. Kongo and Komoren? Swahili
53%
Welcher Fluss trennt die Bereiche des Schimpansen und des Bonobo? Kongo
50%
Was ist das wichtigste Exportgut Nigerias? Öl
41%
Welche ägyptische Stadt wurde als das "größte Freilichtmuseum der Welt" bezeichnet und ist auch der Namensgeber eines Casinos in Las Vegas? Luxor
33%
Was ist die Währung Südafrikas? Südafrikanischer Rand
30%
Was ist der größte Damm am Nil? Assuan-Staudamm
24%
Welche ethnische Gruppe von Tansania und Kenia lebt ein halbnomadisches Leben, das auf der Viehzucht basiert? Maasai
23%
Wie heißen die zwei höchsten Berge Afrikas? Mount Kenya
17%
Keine übereinstimmenden Quizze gefunden
Verteilung der Resultate
Anzahl Personen mit jedem Resultat
Perzentil nach korrekt beantworteten Fragen
Ihre Resultats-Entwicklung
Sie haben dieses Quiz noch nicht gespielt